000 01239nam2a22002531 4500
001 RU\NLR\INFOCOMM31\5000090241
005 20250617031429.0
035 _a(NLR Aleph) 002409086
090 _a1806518
_c1806518
100 _a20050119d1972 |||y0rusy50 ca
101 0 _arus
102 _aRU
105 _ay ||||000|y
200 1 _aИсследование точности динамических систем с малым параметром
_fЮ.А. Зленко
210 _d1972
_aБ. м.
461 0 _1001RU\NLR\INFOCOMM31\5000085815
_12001#$aТруды ЦАГИ$fЦентр. аэрогидродинам. ин-т им. проф. Н.Е. Жуковского$vВып.1433
_93998286
_aЦентральный аэрогидродинамический институт им. Н. Е. Жуковского (Москва)
_cМ.
_d1923 -
_fЦентр. аэрогидродинам. ин-т им. проф. Н.Е. Жуковского
_nИзд-во Бюро новой техники НКАП
_tТруды ЦАГИ
_x2588-0098
_vВып.1433
700 1 _aЗленко
_bЮ.А.
_4070
801 1 _aRU
_bInfoComm
_c20050128
801 0 _aRU
_bNLR
_gPSBO
852 _aNLR
_jП11/665
942 _cISSUE
980 _aNB
980 _aRUSPER